La otra virginidad / (Record no. 109812)
[ view plain ]
| 000 -LEADER | |
|---|---|
| campo de control de longitud fija | 01089nam a2200277 4500 |
| 001 - NÚMERO DE CONTROL | |
| campo de control | 109812 |
| 003 - IDENTIFICADOR DE NÚMERO DE CONTROL | |
| campo de control | ES-MaACL |
| 005 - FECHA Y HORA DE LA ÚLTIMA TRANSACCIÓN | |
| campo de control | 20250818042454.0 |
| 007 - CAMPO FIJO DE DESCRIPCIÓN FÍSICA--INFORMACIÓN GENERAL | |
| campo de control de longitud fija | t| |
| 008 - DATOS DE LONGITUD FIJA--INFORMACIÓN GENERAL | |
| campo de control de longitud fija | 061121s1975 sp 00110 spa d |
| 020 ## - NÚMERO INTERNACIONAL ESTÁNDAR DEL LIBRO | |
| Número Internacional Estándar del Libro | 84-01-80522-8 |
| 080 ## - NÚMERO DE LA CLASIFICACIÓN DECIMAL UNIVERSAL | |
| Número de la Clasificación Decimal Universal | 396(04) |
| 100 1# - ENTRADA PRINCIPAL--NOMBRE DE PERSONA | |
| Nombre de persona | Silva, Josefina de. |
| 9 (RLIN) | 172278 |
| 245 13 - MENCIÓN DEL TÍTULO | |
| Título | La otra virginidad / |
| Mención de responsabilidad, etc. | Josefina de Silva. |
| 250 ## - MENCION DE EDICION | |
| Mención de edición | 1ª ed. |
| 260 ## - PUBLICACIÓN, DISTRIBUCIÓN, ETC. | |
| Lugar de publicación, distribución, etc. | Esplugas de Llobregat (Barcelona) : |
| Nombre del editor, distribuidor, etc. | Plaza & Janés, |
| Fecha de publicación, distribución, etc. | 1975. |
| 300 ## - DESCRIPCIÓN FÍSICA | |
| Extensión | 237 p. ; |
| Dimensiones | 20 cm. |
| 505 8# - NOTA DE CONTENIDO CON FORMATO | |
| Nota de contenido con formato | Contiene: El espectáculo del Ateneo, p. [133]-146 |
| 594 ## - Nota al título y mención de responsabilidad | |
| Nota al título y mención de responsabilidad | En presentación: "Esta obra... me la inspiraron los cientos de hombres y mujeres... que gritaban y aplaudían en el Ateneo de Madrid, el día que presentamos allí a Esther Vilar..." |
| 594 ## - Nota al título y mención de responsabilidad | |
| Nota al título y mención de responsabilidad | Esther Vilar presentó "El varón polígamo" en el Ateneo de Madrid, el 21 de abril de 1975. |
| 600 14 - PUNTO DE ACCESO ADICIONAL DE MATERIA--NOMBRE DE PERSONA | |
| Nombre de persona | Vilar, Esther, |
| Fechas asociadas al nombre | 1935- |
| 9 (RLIN) | 114793 |
| 610 24 - PUNTO DE ACCESO ADICIONAL DE MATERIA--NOMBRE DE ENTIDAD CORPORATIVA | |
| Nombre de entidad corporativa o nombre de jurisdicción como elemento de entrada | Ateneo de Madrid- |
| Subdivisión de forma | Conferencias- |
| Subdivisión cronológica | 1940-1982. |
| 9 (RLIN) | 1908 |
| 650 #4 - PUNTO DE ACCESO ADICIONAL DE MATERIA--TÉRMINO DE MATERIA | |
| Término de materia o nombre geográfico como elemento de entrada | Rol sexual. |
| 9 (RLIN) | 16927 |
| 852 4# - LOCALIZACIÓN | |
| Ubicación | ES-MaACL |
| Número de control de estantería | C-3760 |
| Nota libre | - Enc. cart. |
| Estatus retirado | Estado de pérdida | Fuente del sistema de clasificación o colocación | Estado de daño | No para préstamo | Colección | Biblioteca de origen | Biblioteca actual | Ubicación en estantería | Fecha de adquisición | Total de préstamos | Signatura topográfica completa | Código de barras | Visto por última vez | Precio de reemplazo | Tipo de ítem Koha | Nota pública |
|---|---|---|---|---|---|---|---|---|---|---|---|---|---|---|---|---|
| Clasificación decimal universal | Libros con dedicatorias | Biblioteca del Ateneo de Madrid | Biblioteca del Ateneo de Madrid | Sala Palomar | 15/06/2021 | C-3760 | 1202589 | 23/02/2023 | 23/02/2023 | Libro impreso | Dedicatoria autógrafa del autor |
